| 000 | 00837cab a2200289 4500 | ||
|---|---|---|---|
| 001 | WB3046-35 | ||
| 008 | 090401t1994 xxu||||| |||| 00| 0 eng d | ||
| 035 | _a(Sirsi) u23573 | ||
| 041 | _aeng | ||
| 245 | _aBudget 1994: VAT on construction, land and property | ||
| 260 | _c1994 | ||
| 350 | _a0 | ||
| 490 |
_aHM Customs and Excise News Release _v(C&E5) 29 November 1994, (5) |
||
| 520 | _aSummarises changes for VAT on construction, land and property announced in 1994 Budget. | ||
| 650 | _aPROPERTY-COMMERCIAL PROPERTY | ||
| 650 | _aCONVERSION | ||
| 650 | _aEXISTING BUILDINGS | ||
| 650 | _aNEW BUILDINGS | ||
| 650 | _aNON-RESIDENTIAL PROPERTY | ||
| 650 | _aOFFICES | ||
| 650 | _aRESIDENTIAL USE | ||
| 650 | _aVALUE ADDED TAX | ||
| 650 | _aZERO-RATING | ||
| 690 | _aTAXATION | ||
| 942 | _n0 | ||
| 948 | _c04/03/1997 | ||
| 999 |
_c15764 _d15764 |
||